[Event "FRA-ch U12 Girls"]
[Site "Aix les Bains"]
[Date "2009.04.26"]
[Round "9"]
[White "Thomas, Apolline"]
[Black "Nourani, Maral"]
[Result "0-1"]
[WhiteElo "1440"]
[BlackElo "1550"]
[PlyCount "52"]
[EventDate "2009.04.19"]
[EventType "swiss"]
[EventRounds "9"]
[EventCountry "FRA"]
[SourceTitle "CBM 130 Extra"]
[Source "ChessBase"]
[SourceDate "2009.07.02"]
[SourceVersion "2"]
[SourceVersionDate "2009.07.15"]
[SourceQuality "1"]

1. e4 c5 2. Nf3 a6 3. Nc3 b5 4. d3 Bb7 5. Bf4 d6 6. Be2 Qc7 7. 0-0 Nd7 8. Qd2 Ngf6 9. Rfe1 e6 10. Rac1 Be7 11. a3 Nb6 12. Bd1 Nfd7 13. Bg5 f6 14. Bf4 0-0 15. Qe3 Rac8 16. Bg3 e5 17. Nh4 d5 18. exd5 b4 19. axb4 cxb4 20. d6 Bxd6 21. Ne4 f5 22. Nxd6 f4 23. Qd2 fxg3 24. Nxc8 gxf2+ 25. Kh1 f1Q+ 26. Rxf1 Rxf1# 0-1

[Event "FRA-ch U12 Girls"]
[Site "Aix les Bains"]
[Date "2009.04.24"]
[Round "7"]
[White "Duffaud, Celia"]
[Black "Nourani, Maral"]
[Result "0-1"]
[WhiteElo "1310"]
[BlackElo "1550"]
[PlyCount "118"]
[EventDate "2009.04.19"]
[EventType "swiss"]
[EventRounds "9"]
[EventCountry "FRA"]
[SourceTitle "CBM 130 Extra"]
[Source "ChessBase"]
[SourceDate "2009.07.02"]
[SourceVersion "2"]
[SourceVersionDate "2009.07.15"]
[SourceQuality "1"]

1. c4 e5 2. Nc3 Nc6 3. g3 g6 4. Bg2 Bg7 5. e3 d6 6. Nge2 f5 7. d3 Nf6 8. 0-0 0-0 9. b3 Be6 10. Bb2 Qd7 11. d4 exd4 12. exd4 d5 13. cxd5 Nxd5 14. Nxd5 Bxd5 15. Ba3 Rfe8 16. Bb2 Rad8 17. Qd2 Bxg2 18. Kxg2 Ne5 19. f4 Qd5+ 20. Kf2 Nf3 21. Qd3 Nxh2 22. Rfd1 Ng4+ 23. Ke1 Qg2 24. Qc4+ Kh8 25. Rab1 Ne3 26. Qd3 Nxd1 27. Kxd1 Qe4 28. Qxe4 Rxe4 29. Rc1 c6 30. Rc4 Re7 31. Ba3 Red7 32. Bb2 Rc8 33. Ra4 b6 34. Rc4 c5 35. a4 Rcc7 36. b4 cxd4 37. Rxc7 Rxc7 38. Nxd4 Rd7 39. Ke2 Bxd4 40. Bc1 Bc3 41. b5 Rd4 42. Ba3 Rxa4 43. Bd6 a6 44. bxa6 Rxa6 45. Kd3 Be1 46. Kc4 b5+ 47. Kxb5 Rxd6 48. Kc5 Rd1 49. Kc4 Bxg3 50. Kc3 Bxf4 51. Kc2 Rd8 52. Kc3 g5 53. Kc4 g4 54. Kc5 g3 55. Kc6 g2 56. Kb7 g1Q 57. Kc6 Qc1+ 58. Kb5 Rb8+ 59. Ka5 Qa1# 0-1

[Event "FRA-ch U10 Girls"]
[Site "Le Grand Bornand"]
[Date "2007.04.??"]
[Round "3"]
[White "Auvray, Honorine"]
[Black "Nourani, Maral"]
[Result "0-1"]
[WhiteElo "1440"]
[BlackElo "1310"]
[PlyCount "40"]
[EventDate "2007.04.07"]
[EventType "swiss"]
[EventRounds "9"]
[EventCountry "FRA"]
[SourceTitle "CBM 118 Extra"]
[Source "ChessBase"]
[SourceDate "2007.07.04"]
[SourceVersion "1"]
[SourceVersionDate "2007.07.04"]
[SourceQuality "1"]

1. e4 c5 2. Nf3 a6 3. Nc3 b5 4. d4 cxd4 5. Nxd4 e5 6. Nf5 Bb4 7. Bd2 Bxc3 8. Bxc3 d5 9. Bd3 Bxf5 10. exf5 d4 11. Bd2 Nc6 12. Be4 Rc8 13. 0-0 Nf6 14. Bg5 0-0 15. a4 Qd6 16. Bxf6 Qxf6 17. axb5 axb5 18. Rc1 Ne7 19. Qe2 Nxf5 20. f3 Ne3 0-1

[Event "FRA-ch U10 Girls"]
[Site "Aix les Bains"]
[Date "2006.??.??"]
[Round "1"]
[White "Nolot, Clementine"]
[Black "Nourani, Maral"]
[Result "1-0"]
[WhiteElo "1520"]
[BlackElo "1190"]
[PlyCount "49"]
[EventDate "2006.04.16"]
[EventType "swiss"]
[EventRounds "9"]
[EventCountry "FRA"]
[SourceTitle "EXT 2007"]
[Source "ChessBase"]
[SourceDate "2006.11.23"]
[SourceVersion "1"]
[SourceVersionDate "2006.11.23"]
[SourceQuality "1"]

1. e4 c5 2. Nc3 e5 3. Bc4 Nc6 4. Nf3 d6 5. h3 Be6 6. Bb3 Nf6 7. d3 Nd4 8. Nxd4 cxd4 9. Ne2 d5 10. Bg5 Be7 11. Bxf6 dxe4 12. Bxe7 Qxe7 13. Bxe6 Qxe6 14. dxe4 0-0 15. 0-0 Rad8 16. Ng3 Rd7 17. Qg4 Qc6 18. Nf5 f6 19. Rfd1 Qxc2 20. Nh6+ Kh8 21. Qxd7 gxh6 22. Rac1 Qxe4 23. Qe7 Rg8 24. Qxf6+ Rg7 25. Rc8# 1-0

[Event "FRA-ch U10 Girls"]
[Site "Calvi"]
[Date "2005.04.20"]
[Round "5"]
[White "Bertrand, Oriane"]
[Black "Nourani, Maral"]
[Result "0-1"]
[WhiteElo "1009"]
[BlackElo "1009"]
[PlyCount "106"]
[EventDate "2005.04.??"]
[EventType "swiss"]
[EventRounds "9"]
[EventCountry "FRA"]
[SourceTitle "EXT 2006"]
[Source "ChessBase"]
[SourceDate "2005.11.24"]
[SourceVersion "1"]
[SourceVersionDate "2005.11.24"]
[SourceQuality "1"]

1. e4 c5 2. Nf3 a6 3. Bc4 e6 4. Be2 Be7 5. 0-0 d6 6. Nc3 Nf6 7. Ng5 0-0 8. d3 e5 9. Be3 Nc6 10. Bf3 h6 11. h3 hxg5 12. Bxg5 Nxe4 13. Bxe4 Bxg5 14. Bxc6 bxc6 15. Ne4 Bh6 16. Qh5 d5 17. Nxc5 Qe7 18. Nb3 Qg5 19. Qxg5 Bxg5 20. Rfe1 Re8 21. Nd4 c5 22. Nc6 Bb7 23. Nxe5 d4 24. Nc4 Rxe1+ 25. Rxe1 Rd8 26. Re5 f6 27. Rxc5 Re8 28. Na5 Bf4 29. Kf1 Bd2 30. Kg1 Re1+ 31. Kh2 Bb4 32. Rf5 Bc8 33. Rh5 g6 34. Rd5 Be6 35. Rd8+ Kf7 36. Nc6 Bd2 37. Nxd4 Bxa2 38. c4 Bf4+ 39. g3 Be5 40. c5 Bb1 41. c6 Bc7 42. Rc8 Bb6 43. Nb3 Bxd3 44. c7 Bf5 45. Ra8 Bxc7 46. Ra7 Re7 47. Rxa6 Kf8 48. Rxf6+ Ke8 49. Ra6 Be4 50. Nc5 Bf3 51. b4 Re2 52. Kg1 Re1+ 53. Kh2 Rh1# 0-1